Normal view
MARC view
Entry Personal Name
001 - CONTROL NUMBER
- control field: 78587
003 - CONTROL NUMBER IDENTIFIER
- control field: dpl
005 - DATE AND TIME OF LATEST TRANSACTION
- control field: 20250224155837.0
008 - FIXED-LENGTH DATA ELEMENTS
- fixed length control field: 250224|| aca||aabn | a|a d
040 ## - CATALOGING SOURCE
- Original cataloging agency: dpl
- Transcribing agency: dpl
100 ## - HEADING--PERSONAL NAME
- Personal name: समीर,एम.ए
670 ## - SOURCE DATA FOUND
- Source citation: Work cat.: (dpl)209247: समीर,एम.ए., स्वतंत्रता का प्रतीक महाराणा प्रतापः, 2024
